| 000 | 00348 a2200157 4500 | ||
|---|---|---|---|
| 001 | 155296 | ||
| 040 | _cEscola São Tomás de Aquino | ||
| 100 | _aSANCHEZ, Marisa Martins | ||
| 240 | 1 | 0 |
_aBuriti matemática _lpor |
| 245 | 1 | 0 | _aBuriti matemática |
| 300 | _a184 | ||
| 362 | 0 | _a2013 | |
| 440 | 1 | _aModerna | |
| 697 | _aMATEMÁTICA | ||
| 942 | _cBK | ||
| 999 |
_c155296 _d155296 |
||